Statistics for Most Populous Countries In 2100

Click here to take the quiz!

General Stats

  • This quiz has been taken 488 times
  • The average score is 18 of 25

Answer Stats

RankingCountry% Correct
2China
99%
1India
98%
4USA
97%
12Brazil
92%
23Russia
92%
11Niger
91%
5Indonesia
90%
3Nigeria
90%
16Mexico
89%
7Pakistan
85%
17Egypt
83%
9Ethiopia
80%
14Bangladesh
79%
15Kenya
71%
19Sudan
67%
6Tanzania
67%
13Philippines
62%
10Uganda
62%
8Democratic Republic Of The Congo
56%
25Angola
55%
20Mozambique
51%
21Iraq
50%
24Mali
47%
18Zambia
43%
22Madagascar
31%

Score Distribution

Percentile by Number Answered

Percent of People with Each Score

Your Score History

You have not taken this quiz